Britney Spears Songs #2 - Sudden Death - Statistics

General Stats
  • This quiz has been taken 106 times
  • The average score is 10 of 16
Answers on the Grid
Answers color-coded by a green-red scale on the quiz's grid according to % correct below.
(I Got That) Boom Boom
Selfish
Russian Roulette
La Isla Bonita
Everytime
Poker Face
Up n' Down
Be My Baby
Make You Mine
Slumber Party
Baby
3
Stronger
Survivor
The Hook Up
Stars Are Blind
Rude Boy
Lucky
Hot Stuff
Havana
Touch Of My Hand
Mi Mi Mi
Showdown
Soda Pop
Genie In A Bottle
Lolita
Perfume
Say My Name
Lonely
Jolene
If U Seek Amy
Let Me Be
 
Answer Stats
Answer % Correct
Everytime
81%
Lucky
77%
Stronger
77%
If U Seek Amy
76%
3
68%
(I Got That) Boom Boom
68%
Slumber Party
64%
Perfume
63%
Soda Pop
55%
Selfish
53%
Touch Of My Hand
52%
Lonely
51%
The Hook Up
47%
Up n' Down
47%
Let Me Be
45%
Showdown
45%
No matching quizzes found
Score Distribution
Percent of People with Each Score
Percentile by Number Answered
Your Score History
You have not taken this quiz